| 000 | 01973cad a22002295a 4500 | ||
|---|---|---|---|
| 001 | L143444 | ||
| 008 | 080509e20080227xxk f v 000 0 eng d | ||
| 035 | _a(Sirsi) u143444 | ||
| 041 | 0 | _aeng | |
| 245 | 0 | 0 |
_aDartmouth Court Blackheath Ltd v Berisworth Ltd _h[electronic resource] |
| 260 | _c2008 | ||
| 520 | _a[2008] EWHC 350 (Ch), 27 February 2008. Considered what parts of a property were included within the tenants' section of a larger premises within the meaning of the Landlord and Tenant Act 1987 Part I. The claimant tenants (D) of a block of flats claimed the right of first refusal over certain parts of the building which the landlord (L) wished to sell. The defendant company (B) had purchased some parts of the property. Further, L wished to sell the airspace around the roof, an area at the rear of the building, the lightwell and the basement rooms. The purpose was to facilitate further development of the block. Being opposed to the development, D sought to invoke their right of first refusal on the areas. "Held": D were able to exercise their rights to first refusal, but only over areas within the building. Not all parts of the property sold to B fell within the meaning of the Act as they were not within or appertaining to the building. However, the four sections D wished to acquire were covered in this way. D was entitled to acquire them, subject to assessment of the amount of airspace. Judgment for the claimant in part. | ||
| 590 | _aKA | ||
| 650 | 2 | 4 | _aDARTMOUTH COURT BLACKHEATH LTD V BERISWORTH LTD |
| 650 | 2 | 4 | _aLANDLORD AND TENANT ACT 1987 PART I |
| 650 | 2 | 4 | _aDENETOWER LTD V TOOP |
| 651 | 4 |
_aEngland and Wales _y1543- |
|
| 690 | _aPROPERTY-RESIDENTIAL PROPERTY-ACQUISITION AND DISPOSAL OF RESIDENTIAL PROPERTY | ||
| 690 | _aPROPERTY-RESIDENTIAL PROPERTY-RESIDENTIAL LANDLORD AND TENANT | ||
| 856 | 4 | 0 |
_uhttps://www.bailii.org/ew/cases/EWHC/Ch/2008/350.html _zView the judgment free of charge at www.bailii.org... |
| 942 | _n0 | ||
| 999 |
_c80180 _d80180 |
||